| Tag |
First Indicator |
Second Indicator |
Subfields |
| LEADER |
00000cam a2200000 i 4500 |
| 001 |
in00003737621 |
| 005 |
20160914092404.0 |
| 008 |
160309s2016 enka b 001 0 eng |
| 010 |
|
|
|a 2016011525
|
| 035 |
|
|
|a (OCoLC)ocn944339842
|
| 040 |
|
|
|a DLC
|e rda
|c DLC
|
| 020 |
|
|
|a 9781584563471 (Oak Knoll Press : alk. paper)
|
| 020 |
|
|
|a 1584563478 (Oak Knoll Press : alk. paper)
|
| 020 |
|
|
|a 9780900002885 (Private Libraries Association : alk. paper)
|
| 020 |
|
|
|a 0900002883 (Private Libraries Association : alk. paper)
|
| 050 |
0 |
0 |
|a NC973
|b .G59 2016
|
| 082 |
0 |
0 |
|a 741.6/409034
|2 23
|
| 049 |
|
|
|a TXAM
|
| 100 |
1 |
|
|a Godburn, Mark R.,
|d 1954-
|e author.
|
| 245 |
1 |
0 |
|a Nineteenth-century dust-jackets /
|c Mark R. Godburn.
|
| 246 |
3 |
|
|a 19th century dust-jackets
|
| 264 |
|
1 |
|a England :
|b Private Libraries Association ;
|a New Castle, Delaware :
|b Oak Knoll Press,
|c 2016.
|
| 300 |
|
|
|a 215 pages :
|b color illustrations ;
|c 28 cm.
|
| 336 |
|
|
|a text
|b txt
|2 rdacontent
|
| 337 |
|
|
|a unmediated
|b n
|2 rdamedia
|
| 338 |
|
|
|a volume
|b nc
|2 rdacarrier
|
| 504 |
|
|
|a Includes bibliographical references and index.
|
| 505 |
0 |
|
|a 1. Origins of publishers' jackets -- 2. Sealed wrappings -- 3. Early flap-style jackets -- 4. Mid-Victorian jackets -- 5. Lewis Carroll's 'paper wrappers' -- 6. Widespread use -- 7. End of an era -- Appendix one. File copies of John Murray and Smith, Elder -- Appendix two. List of jackets to 1870.
|
| 650 |
|
0 |
|a Book jackets
|x History
|y 19th century.
|
| 945 |
|
|
|b 767437
|
| 947 |
|
|
|a A14843447369
|
| 948 |
|
|
|a cataloged
|b h
|c 2016/9/14
|d c
|e dmitchel
|f 9:20:10 am
|
| 994 |
|
|
|a 92
|b TXA
|
| 999 |
f |
f |
|s 64764bb8-6b8e-333f-b11a-bedee990774d
|i e7553d60-ce79-3a12-92cd-fd6886093154
|t 0
|
| 952 |
f |
f |
|p 14_day
|a Texas A&M University
|b College Station
|c Sterling C. Evans Library
|d Evans: Preservation Office (see AskUs desk for assistance)
|t 0
|e NC973 .G59 2016
|h Library of Congress classification
|i unmediated -- volume
|m A14843447369
|
| 998 |
f |
f |
|a NC973 .G59 2016
|t 0
|l Evans: Preservation Office (see AskUs desk for assistance)
|